<?xml version="1.0" encoding="UTF-8"?><?xml-stylesheet type="text/xsl" href="static/style.xsl"?><OAI-PMH xmlns="http://www.openarchives.org/OAI/2.0/" xmlns:xsi="http://www.w3.org/2001/XMLSchema-instance" xsi:schemaLocation="http://www.openarchives.org/OAI/2.0/ http://www.openarchives.org/OAI/2.0/OAI-PMH.xsd"><responseDate>2026-06-05T05:29:14Z</responseDate><request verb="GetRecord" identifier="oai:riubu.ubu.es:10259/6144" metadataPrefix="marc">https://riubu.ubu.es/oai/request</request><GetRecord><record><header><identifier>oai:riubu.ubu.es:10259/6144</identifier><datestamp>2021-11-13T01:00:37Z</datestamp><setSpec>com_10259.4_103</setSpec><setSpec>com_10259.4_1</setSpec><setSpec>com_10259_2604</setSpec><setSpec>col_10259_6064</setSpec></header><metadata><record xmlns="http://www.loc.gov/MARC21/slim" xmlns:doc="http://www.lyncode.com/xoai" xmlns:xsi="http://www.w3.org/2001/XMLSchema-instance" xmlns:dcterms="http://purl.org/dc/terms/" xsi:schemaLocation="http://www.loc.gov/MARC21/slim http://www.loc.gov/standards/marcxml/schema/MARC21slim.xsd">
<leader>00925njm 22002777a 4500</leader>
<datafield tag="042" ind1=" " ind2=" ">
<subfield code="a">dc</subfield>
</datafield>
<datafield tag="720" ind1=" " ind2=" ">
<subfield code="a">Ballesteros Caballero, Floriano</subfield>
<subfield code="e">author</subfield>
</datafield>
<datafield tag="260" ind1=" " ind2=" ">
<subfield code="c">2015</subfield>
</datafield>
<datafield tag="520" ind1=" " ind2=" ">
<subfield code="a">Montejo de Cebas es un pequeño pueblo del N. de la provincia&#xd;
de Burgos. En 1773 el Concejo revisó y puso en limpio las&#xd;
Ordenanzas municipales que regían la vida de los habitantes del&#xd;
lugar desde doscientos años antes, 1573. Las 92 normas que contienen&#xd;
permiten acercarse al conocimientos de aspectos muy variados de las&#xd;
actividades cotidianas de sus vecinos.</subfield>
</datafield>
<datafield tag="520" ind1=" " ind2=" ">
<subfield code="a">Montejo de Cebas is a small village located in the North&#xd;
of the Burgos Province. In 1773, the Council of the village revised the&#xd;
rules that had governed the life of its inhabitants since 1573, i. e., two&#xd;
hundred years before. These 92 norms allow us to approach the knowledge of diverse aspects concerning the daily life of the community.</subfield>
</datafield>
<datafield tag="024" ind2=" " ind1="8">
<subfield code="a">0211-8998</subfield>
</datafield>
<datafield tag="024" ind2=" " ind1="8">
<subfield code="a">http://hdl.handle.net/10259/6144</subfield>
</datafield>
<datafield ind1=" " ind2=" " tag="653">
<subfield code="a">Fuentes documentales</subfield>
</datafield>
<datafield ind1=" " ind2=" " tag="653">
<subfield code="a">Historia del Derecho</subfield>
</datafield>
<datafield ind1=" " ind2=" " tag="653">
<subfield code="a">Ordenanzas municipales</subfield>
</datafield>
<datafield ind1=" " ind2=" " tag="653">
<subfield code="a">Montejo de Cebas</subfield>
</datafield>
<datafield ind1=" " ind2=" " tag="653">
<subfield code="a">Valle de Tobalina, Burgos</subfield>
</datafield>
<datafield ind1=" " ind2=" " tag="653">
<subfield code="a">Documentary sources</subfield>
</datafield>
<datafield ind1=" " ind2=" " tag="653">
<subfield code="a">Law history</subfield>
</datafield>
<datafield ind1=" " ind2=" " tag="653">
<subfield code="a">Ordinances of the city council</subfield>
</datafield>
<datafield tag="245" ind1="0" ind2="0">
<subfield code="a">Ordenanzas del concejo de Montejo de Cebas (Burgos)</subfield>
</datafield>
</record></metadata></record></GetRecord></OAI-PMH>